Normal view
MARC view
Entry Personal Name
001 - CONTROL NUMBER
- control field: 156566
003 - CONTROL NUMBER IDENTIFIER
- control field: OSt
005 - DATE AND TIME OF LATEST TRANSACTION
- control field: 20220923210948.0
008 - FIXED-LENGTH DATA ELEMENTS
- fixed length control field: 220923|| aca||aabn | a|a d
040 ## - CATALOGING SOURCE
- Original cataloging agency: OSt
- Transcribing agency: OSt
100 ## - HEADING--PERSONAL NAME
- Personal name: ਖ਼ਰੈ੍ਵਕ, ਗੁਰਬ॥F ਸਿੰਘ
670 ## - SOURCE DATA FOUND
- Source citation: Work cat.: (OSt)293199: ਖ਼ਰੈ੍ਵਕ, ਗੁਰਬ॥F ਸਿੰਘ, ਪੰਜਾਬੀ ਕਹਾਣੀ - ਸੱਜਰੀਆਂ ਪੈੜਾਂ, 1998
